[Event "Xtracon Grand Master 2014"]
[Site "Asgaard Skole"]
[Date "2014.10.11"]
[Round "1.27"]
[White "Anghel, Mihai Ursta"]
[Black "Nielsen, Bjørn"]
[Result "1-0"]
[WhiteElo "1835"]
[BlackElo "1398"]
[PlyCount "79"]
[EventDate "2014.??.??"]
[WhiteTeam "Haslev Skakklub"]
[BlackTeam "Nørrebro Skakklub"]

1. e4 c5 2. Nf3 d6 3. d4 Qa5+ 4. Nc3 Bg4 5. dxc5 Qxc5 6. Be3 Qc8 7. h3 Be6 8.
Qd2 Bc4 9. Bxc4 Qxc4 10. O-O-O Nd7 11. e5 Qe6 12. Bf4 Nxe5 13. Nxe5 dxe5 14.
Bxe5 Nf6 15. Rhe1 Qc8 16. Nb5 e6 17. Nc7+ Qxc7 18. Bxc7 Bc5 19. Qg5 O-O 20.
Qxc5 Rac8 21. Qe5 Ne8 22. Bd6 Nxd6 23. Qxd6 h6 24. Rd2 Rc6 25. Qe7 Rb6 26. Rd7
a5 27. Rd8 Rxd8 28. Qxd8+ Kh7 29. Qxb6 a4 30. g4 Kg6 31. f4 a3 32. f5+ Kg5 33.
fxe6 axb2+ 34. Qxb2 f6 35. Qb5+ Kh4 36. Qh5+ Kg3 37. g5 hxg5 38. Qg4+ Kf2 39.
Re2+ Kf1 40. Qg2# 1-0

﻿

[Event "Xtracon Grand Master 2014"]
[Site "Koge"]
[Date "2014.10.13"]
[Round "4.1"]
[White "Smith, Axel"]
[Black "Baklan, Vladimir"]
[Result "1/2-1/2"]
[WhiteElo "2474"]
[BlackElo "2656"]
[PlyCount "32"]
[EventDate "2014.??.??"]

1. d4 Nf6 2. c4 g6 3. Nc3 Bg7 4. e4 d6 5. Be2 O-O 6. Nf3 e5 7. O-O exd4 8. Nxd4
c6 9. Bg5 Re8 10. f3 Qb6 11. Be3 Qxb2 12. Na4 Qa3 13. Bc1 Qb4 14. Bd2 Qa3 15.
Bc1 Qb4 16. Bd2 Qa3 1/2-1/2

[Event "Xtracon Grand Master 2014"]
[Site "Koge"]
[Date "2014.10.13"]
[Round "4.3"]
[White "Fier, Alexandr"]
[Black "Christensen, Casper"]
[Result "1-0"]
[WhiteElo "2589"]
[BlackElo "1988"]
[PlyCount "77"]
[EventDate "2014.??.??"]
[WhiteClock "1:30:32"]
[BlackClock "0:43:38"]

1. d4 Nf6 2. Bg5 e6 3. Nd2 c5 4. e3 Nc6 5. c3 d5 6. Ngf3 Bd6 7. Bd3 Qb6 8. Qc2
h6 9. Bxf6 gxf6 10. O-O f5 11. dxc5 Bxc5 12. a3 Bd6 13. c4 Ne5 14. cxd5 Nxd3
15. Qxd3 Be7 16. Nc4 Qd8 17. d6 Bf6 18. Nce5 Bd7 19. Rac1 Rc8 20. Rfd1 O-O 21.
Rc7 Bc6 22. Nxc6 bxc6 23. Rxa7 Bxb2 24. d7 Rb8 25. Nd4 Bxd4 26. Qxd4 Qe7 27. g3
Qg5 28. a4 Rfd8 29. a5 c5 30. Qxc5 Qg4 31. Qd4 Qe2 32. Qd2 Qb5 33. a6 Qb6 34.
Qd4 Qc6 35. Qd6 Qf3 36. Rc7 Rb2 37. Rf1 Qa8 38. a7 Ra2 39. Rc8 1-0

[Event "Xtracon Grand Master 2014"]
[Site "Koge"]
[Date "2014.10.13"]
[Round "4.4"]
[White "Ahlander, Björn"]
[Black "Prohaszka, Peter"]
[Result "0-1"]
[WhiteElo "2401"]
[BlackElo "2588"]
[PlyCount "88"]
[EventDate "2014.??.??"]
[WhiteClock "0:00:46"]
[BlackClock "0:01:41"]

1. e4 c6 2. c4 d5 3. exd5 cxd5 4. d4 Nf6 5. Nc3 Nc6 6. Nf3 Be6 7. c5 g6 8. Bb5
Bg7 9. Ne5 Qc8 10. Qa4 Bd7 11. Nxd7 Qxd7 12. O-O O-O 13. Re1 Ng4 14. h3 Nh6 15.
Bg5 Rfe8 16. Rad1 a6 17. Bxc6 bxc6 18. Bf4 Qb7 19. Rd2 Nf5 20. Bh2 a5 21. a3
Nxd4 22. Rxd4 Qxb2 23. Ne2 Bxd4 24. Qxd4 Qxa3 25. Rb1 a4 26. Bf4 Qa2 27. Qd1 e5
28. Bg5 a3 29. f4 d4 30. Ra1 Qd5 31. Bf6 d3 32. Nc1 e4 33. Ra2 Qxc5+ 34. Kh2
Qf5 35. Bg5 f6 36. g4 Qe6 37. Bh4 c5 38. f5 Qe5+ 39. Bg3 Qd5 40. fxg6 hxg6 41.
Qd2 c4 42. Qc3 e3 43. Qxf6 Re6 44. Qf1 d2 0-1

[Event "Xtracon Grand Master 2014"]
[Site "Koge"]
[Date "2014.10.13"]
[Round "4.5"]
[White "Krasenkow, Michal"]
[Black "Stojanovski, Sandi"]
[Result "1-0"]
[WhiteElo "2631"]
[BlackElo "2167"]
[PlyCount "53"]
[EventDate "2014.??.??"]
[WhiteClock "0:49:49"]
[BlackClock "0:05:31"]

1. Nf3 Nf6 2. c4 c5 3. Nc3 e6 4. g3 b6 5. e4 d6 6. d4 cxd4 7. Nxd4 Bb7 8. Bg2
a6 9. O-O Qc7 10. Be3 Be7 11. Rc1 O-O 12. g4 g6 13. g5 Ne8 14. f4 e5 15. Nd5
Qd8 16. Nf3 Bxd5 17. cxd5 exf4 18. Bxf4 Ng7 19. h4 h6 20. gxh6 Nh5 21. Qd2 Nxf4
22. Qxf4 Nd7 23. Rc6 Rc8 24. Bh3 Rxc6 25. dxc6 Nc5 26. Ng5 Qc7 27. h7+ 1-0

[Event "Xtracon Grand Master 2014"]
[Site "Asgaard Skole"]
[Date "2014.10.13"]
[Round "4.6"]
[White "Pedersen, Hans Dahl"]
[Black "Semcesen, Daniel"]
[Result "0-1"]
[WhiteElo "2171"]
[BlackElo "2480"]
[PlyCount "94"]
[EventDate "2014.??.??"]
[WhiteTeam "Køge Skakklub"]
[BlackTeam "Skanderborg Skakklub"]

1. c4 e5 2. g3 Nf6 3. Bg2 c6 4. d4 exd4 5. Qxd4 d5 6. Nf3 Be6 7. O-O h6 8. Rd1
Be7 9. cxd5 cxd5 10. Qa4+ Nc6 11. Nc3 Qb6 12. Qb5 O-O 13. Be3 Qxb5 14. Nxb5 a6
15. Nbd4 Rac8 16. Rac1 Rfe8 17. Nxe6 fxe6 18. Bh3 Bd6 19. Nd4 Kf7 20. f3 Be5
21. Nxc6 bxc6 22. Rc2 Nd7 23. Bd4 Ke7 24. b3 Bxd4+ 25. Rxd4 Kd6 26. e4 a5 27.
f4 Rb8 28. exd5 exd5 29. Bxd7 Kxd7 30. Rc5 Rb4 31. Rd2 a4 32. Ra5 axb3 33. Ra7+
Kd6 34. axb3 g5 35. fxg5 hxg5 36. Rg7 g4 37. Ra2 Re6 38. Ra4 Ree4 39. Ra6 Kc5
40. Rg6 Rb6 41. Rxb6 Kxb6 42. Kf2 Kb5 43. Rf6 c5 44. Rf4 Kb4 45. Rf5 Kxb3 46.
Rxd5 c4 47. Rh5 c3 0-1

[Event "Xtracon Grand Master 2014"]
[Site "Asgaard Skole"]
[Date "2014.10.13"]
[Round "4.7"]
[White "Nielsen, Jørgen Løvgren"]
[Black "Høi, Carsten"]
[Result "1/2-1/2"]
[WhiteElo "2111"]
[BlackElo "2395"]
[PlyCount "62"]
[EventDate "2014.??.??"]
[WhiteTeam "Roskilde Skakklub"]
[BlackTeam "Brønshøj Skakforening"]

1. e4 g6 2. d4 Bg7 3. Nc3 d6 4. f4 Nc6 5. Nf3 Bg4 6. Be3 Bxf3 7. gxf3 e6 8. Qd2
Nge7 9. O-O-O a6 10. Bh3 f5 11. d5 exd5 12. exd5 Nb8 13. Bd4 O-O 14. Bxg7 Kxg7
15. Ne2 c5 16. dxc6 Nbxc6 17. Nd4 Rf6 18. Rhe1 Nxd4 19. Qxd4 Nc6 20. Qd5 Qd7
21. Bf1 Rc8 22. a3 b5 23. Kb1 Re8 24. a4 Ne7 25. Qd4 Rb8 26. axb5 axb5 27. Re3
Nc6 28. Qd5 Ne7 29. Qd4 Nc6 30. Qd5 Ne7 31. Qd4 Nc6 1/2-1/2

[Event "Xtracon Grand Master 2014"]
[Site "Asgaard Skole"]
[Date "2014.10.13"]
[Round "4.8"]
[White "Adan Bermudez, Sergio"]
[Black "Kokholm, Daniel"]
[Result "1-0"]
[WhiteElo "2357"]
[BlackElo "1899"]
[PlyCount "95"]
[EventDate "2014.??.??"]
[WhiteTeam "Skakklubben K41"]
[BlackTeam "Skakklubben K41"]

1. c4 e5 2. Nc3 Nc6 3. g3 f5 4. Bg2 Nf6 5. e3 Be7 6. Nge2 O-O 7. O-O d6 8. d4
Qe8 9. Nd5 Bd8 10. Nec3 Ne7 11. Nxf6+ Rxf6 12. c5 e4 13. cxd6 cxd6 14. Qb3+ Kh8
15. f3 exf3 16. Bxf3 Nc6 17. Nd5 Rf8 18. Bd2 Rb8 19. Rac1 Be6 20. Qa3 Qd7 21.
Nb4 Nxb4 22. Bxb4 Be7 23. d5 Bg8 24. Qxa7 Ra8 25. Qb6 Rfc8 26. a3 Bf6 27. Qxd6
Qxd6 28. Bxd6 Bxb2 29. Rxc8 Rxc8 30. Rb1 Rc1+ 31. Rxc1 Bxc1 32. Bc5 b6 33. Bxb6
Bxa3 34. Bc7 Bf7 35. Be5 Kg8 36. d6 Be8 37. Bd5+ Bf7 38. d7 Be7 39. Bxf7+ Kxf7
40. Bc7 g6 41. d8=Q Bxd8 42. Bxd8 Kg7 43. Kf2 Kf7 44. Kf3 Kg7 45. Kf4 h6 46.
Ke5 Kf7 47. h4 h5 48. Bf6 1-0

[Event "Xtracon Grand Master 2014"]
[Site "Asgaard Skole"]
[Date "2014.10.13"]
[Round "4.9"]
[White "Grabow, Pouelsten Holm"]
[Black "Carstensen, Jacob"]
[Result "0-1"]
[WhiteElo "2124"]
[BlackElo "2357"]
[PlyCount "102"]
[EventDate "2014.??.??"]
[WhiteTeam "Skakklubben Evans"]
[BlackTeam "Brønshøj Skakforening"]

1. d4 Nf6 2. c4 g6 3. g3 Bg7 4. Bg2 O-O 5. e4 d6 6. Ne2 e5 7. Nbc3 Nc6 8. d5
Ne7 9. h3 Nd7 10. g4 f5 11. gxf5 gxf5 12. Bg5 Nf6 13. Ng3 Bd7 14. exf5 Nxf5 15.
Nce4 Nxg3 16. fxg3 Qe8 17. Bxf6 Bxf6 18. O-O Qg6 19. Qb3 b6 20. Nxf6+ Rxf6 21.
Rxf6 Qxf6 22. Rf1 Qg7 23. Qf3 Rf8 24. Qxf8+ Qxf8 25. Rxf8+ Kxf8 26. g4 h5 27.
Bf3 hxg4 28. hxg4 Kg7 29. Kg2 Kf6 30. Kg3 Kg5 31. Bd1 b5 32. cxb5 Bxb5 33. a3
Bc4 34. Bf3 Bd3 35. b4 e4 36. Bg2 e3 37. Bf3 Bc4 38. a4 Bb3 39. Be4 e2 40. Kf2
Kxg4 41. Kxe2 Kf4 42. Bg2 Bxa4 43. Kd3 Ke5 44. Kc4 Bd7 45. Bf3 Bc8 46. Kb5 Bb7
47. Bd1 Kd4 48. Bh5 Bxd5 49. Ka6 Kc4 50. b5 Kc5 51. Be8 Bc4 0-1

[Event "Xtracon Grand Master 2014"]
[Site "Asgaard Skole"]
[Date "2014.10.13"]
[Round "4.10"]
[White "Percivaldi, Martin"]
[Black "Anghel, Mihai Ursta"]
[Result "1-0"]
[WhiteElo "2324"]
[BlackElo "1835"]
[PlyCount "51"]
[EventDate "2014.??.??"]
[WhiteTeam "Hillerød Skakklub"]
[BlackTeam "Haslev Skakklub"]

1. d4 g6 2. c4 Bg7 3. g3 c5 4. d5 b5 5. cxb5 a6 6. bxa6 Nxa6 7. Nc3 d6 8. Bg2
Nf6 9. Nf3 O-O 10. O-O Nd7 11. h4 h5 12. Bg5 Rb8 13. Qc1 Kh7 14. Rd1 Re8 15. e4
Qa5 16. Bf4 Nb6 17. Nd2 c4 18. Bf1 Bg4 19. Re1 Rec8 20. a3 Bd7 21. e5 dxe5 22.
Bxe5 Bxe5 23. Rxe5 e6 24. Nde4 Be8 25. Nf6+ Kg7 26. Nxh5+ 1-0

[Event "Xtracon Grand Master 2014"]
[Site "Asgaard Skole"]
[Date "2014.10.13"]
[Round "4.11"]
[White "Brinck-Claussen, Bjørn"]
[Black "Sørensen, Dick"]
[Result "1-0"]
[WhiteElo "2227"]
[BlackElo "1982"]
[PlyCount "65"]
[EventDate "2014.??.??"]
[WhiteTeam "Sjælsø Skakklub"]
[BlackTeam "Frederiksberg Skakforening"]

1. d4 d5 2. c4 e6 3. Nc3 c6 4. e3 f5 5. Bd3 Nf6 6. Nge2 Bd6 7. O-O O-O 8. Qc2
Bxh2+ 9. Kxh2 Ng4+ 10. Kg3 Qg5 11. f4 Qg6 12. Kf3 Nh2+ 13. Kf2 Nxf1 14. Kxf1
Nd7 15. Nd1 Nf6 16. Nf2 Ne4 17. b3 Qh5 18. Ba3 Rf6 19. Ng1 Bd7 20. Bxe4 fxe4
21. Qe2 Qe8 22. Ng4 Rf5 23. Ne5 h5 24. Nh3 b5 25. Ng5 g6 26. g4 Rf6 27. Kf2 a5
28. Rh1 b4 29. Bc1 Ra7 30. gxh5 gxh5 31. Rxh5 Bc8 32. Qg4 Rg7 33. Qh4 1-0

[Event "Xtracon Grand Master 2014"]
[Site "Asgaard Skole"]
[Date "2014.10.13"]
[Round "4.12"]
[White "Madsen, Michael Ole"]
[Black "Bekker-Jensen, David"]
[Result "0-1"]
[WhiteElo "2071"]
[BlackElo "2289"]
[PlyCount "64"]
[EventDate "2014.??.??"]
[WhiteTeam "Allerød Skakklub"]
[BlackTeam "Philidor"]

1. d4 Nf6 2. c4 g6 3. Nc3 Bg7 4. Nf3 O-O 5. Bf4 d6 6. e3 c5 7. Be2 Qb6 8. O-O
Bf5 9. b3 Nc6 10. Qd2 Ne4 11. Nxe4 Bxe4 12. Ng5 Bf5 13. e4 Bc8 14. dxc5 dxc5
15. Rad1 a5 16. Be3 a4 17. Rb1 Rd8 18. Qc2 Nb4 19. bxa4 Nxc2 20. Rxb6 Nxe3 21.
fxe3 Bh6 22. Nxf7 Bxe3+ 23. Kh1 Rf8 24. Rb3 Bd4 25. Rbf3 Kg7 26. Ng5 Rxf3 27.
Nxf3 Rxa4 28. Nxd4 cxd4 29. h3 Rxa2 30. Bd3 Ra3 31. Rd1 Kf6 32. Kh2 Ke5 0-1

[Event "Xtracon Grand Master 2014"]
[Site "Asgaard Skole"]
[Date "2014.10.13"]
[Round "4.13"]
[White "Wang, Peter"]
[Black "Andersen, Morten"]
[Result "0-1"]
[WhiteElo "1877"]
[BlackElo "2115"]
[PlyCount "76"]
[EventDate "2014.??.??"]
[WhiteTeam "Næstved Skakklub"]
[BlackTeam "Skakforeningen Odysseus"]

1. e4 c5 2. Nf3 d6 3. d4 cxd4 4. Nxd4 Nf6 5. Nc3 a6 6. Bg5 e6 7. f4 h6 8. Bh4
Be7 9. Qf3 Qc7 10. Bf2 b5 11. Bd3 Bb7 12. a3 Nbd7 13. O-O Nc5 14. Rfe1 Nxd3 15.
cxd3 Nd7 16. Rac1 Qd8 17. Qh5 g6 18. Qh3 e5 19. Nde2 exf4 20. Nxf4 O-O 21. Rc2
Rc8 22. Rce2 Bg5 23. Nfd5 Ne5 24. Kh1 Bxd5 25. Nxd5 Rc1 26. Rxc1 Bxc1 27. Bb6
Qg5 28. Rc2 f5 29. exf5 gxf5 30. Qg3 Qxg3 31. hxg3 Bg5 32. Bc7 Nxd3 33. Bxd6
Rd8 34. Ne7+ Kf7 35. Nxf5 Ke6 36. Bc7 Rc8 37. Nd4+ Kd7 38. Be5 Nxe5 0-1

[Event "Xtracon Grand Master 2014"]
[Site "Asgaard Skole"]
[Date "2014.10.13"]
[Round "4.14"]
[White "Bojesen, Villads Ussing"]
[Black "Henriksen, Kasper"]
[Result "1-0"]
[WhiteElo "1838"]
[BlackElo "2055"]
[PlyCount "65"]
[EventDate "2014.??.??"]
[WhiteTeam "Skakforeningen ØBRO"]
[BlackTeam "Køge Skakklub"]

1. e4 c5 2. d4 cxd4 3. c3 dxc3 4. Nxc3 Nc6 5. Nf3 d6 6. Bc4 a6 7. O-O Nf6 8.
Qe2 Bg4 9. Rd1 e6 10. h3 Bxf3 11. Qxf3 Be7 12. Bf4 Qb8 13. a4 O-O 14. Rac1 Rd8
15. g4 Nb4 16. g5 Nd7 17. Qg3 Nf8 18. h4 Qc7 19. Be2 Qb6 20. h5 d5 21. Bc7 Qa7
22. Bxd8 Rxd8 23. e5 Nd7 24. g6 Qb8 25. gxf7+ Kxf7 26. f4 Nc5 27. Bg4 d4 28.
Nb1 d3 29. Rc4 a5 30. f5 Rd5 31. fxe6+ Kg8 32. Qf3 Qf8 33. Rxb4 1-0

[Event "Xtracon Grand Master 2014"]
[Site "Asgaard Skole"]
[Date "2014.10.13"]
[Round "4.16"]
[White "Petersen, Rasmus"]
[Black "Undheim, Bjarne"]
[Result "0-1"]
[WhiteElo "1627"]
[BlackElo "1912"]
[PlyCount "64"]
[EventDate "2014.??.??"]
[WhiteTeam "Helsinge Skakklub"]

1. d4 d5 2. c4 Nc6 3. cxd5 Qxd5 4. e3 e5 5. Nc3 Bb4 6. Bd2 Bxc3 7. bxc3 Qd6 8.
Bd3 Nf6 9. f3 Be6 10. Ne2 O-O 11. O-O Ne7 12. Qc2 c5 13. Rfd1 Rac8 14. Qb2 b6
15. Be1 exd4 16. cxd4 Nfd5 17. Bg3 Qc6 18. Be4 Qe8 19. Bxd5 Nxd5 20. e4 Ne3 21.
Rdc1 cxd4 22. Nxd4 Qd7 23. Nxe6 Qxe6 24. Rxc8 Rxc8 25. Rc1 Nc4 26. Qd4 h6 27.
Qd5 Ne3 28. Rxc8+ Qxc8 29. Qd2 Nc4 30. Qd5 Qa6 31. h4 Qxa2 32. e5 Qxg2+ 0-1

[Event "Xtracon Grand Master 2014"]
[Site "Asgaard Skole"]
[Date "2014.10.13"]
[Round "4.17"]
[White "Hansen, Verner"]
[Black "Akdag, Dara Sevkan"]
[Result "0-1"]
[WhiteElo "1870"]
[BlackElo "2193"]
[PlyCount "52"]
[EventDate "2014.??.??"]
[WhiteTeam "Espergærde Skakklub"]
[BlackTeam "BMS Skak"]

1. e4 c5 2. Nc3 d6 3. d3 g6 4. g3 Bg7 5. Bg2 Nc6 6. Nge2 e6 7. O-O Rb8 8. f4
Nge7 9. Be3 Nd4 10. Qd2 b5 11. Nd1 O-O 12. c3 Nxe2+ 13. Qxe2 b4 14. d4 Qa5 15.
Rf2 bxc3 16. bxc3 Ba6 17. Qc2 cxd4 18. cxd4 Qe1+ 19. Bf1 Bxf1 20. Rxf1 Qb4 21.
e5 Nf5 22. Qd3 Rfd8 23. g4 Nxe3 24. Qxe3 dxe5 25. dxe5 Bf8 26. Qc3 Rxd1 0-1

[Event "Xtracon Grand Master 2014"]
[Site "Asgaard Skole"]
[Date "2014.10.13"]
[Round "4.18"]
[White "Pedersen, Henrik Dahl"]
[Black "Jørgensen, Alexander Torp"]
[Result "1-0"]
[WhiteElo "2175"]
[BlackElo "1882"]
[PlyCount "99"]
[EventDate "2014.??.??"]
[WhiteTeam "Køge Skakklub"]
[BlackTeam "Næstved Skakklub"]

1. d4 Nf6 2. c4 g6 3. Nc3 d5 4. Nf3 Bg7 5. Bg5 e6 6. e3 O-O 7. Qb3 c6 8. Bd3
Re8 9. O-O Nbd7 10. e4 dxe4 11. Nxe4 Qc7 12. Rac1 Nxe4 13. Bxe4 e5 14. d5 Nc5
15. Qe3 Nxe4 16. Qxe4 Bf5 17. Qe3 c5 18. Qa3 a5 19. Be3 b6 20. Nd2 e4 21. Rfe1
Be5 22. Nf1 Bd7 23. Bd2 f5 24. Bc3 Bxc3 25. Qxc3 f4 26. Qf6 Rf8 27. Qh4 Rae8
28. Rc3 Re5 29. f3 e3 30. Re2 g5 31. Qe1 h5 32. g3 Bh3 33. Rb3 Rf6 34. Nxe3
fxe3 35. Rbxe3 Rxe3 36. Rxe3 Qf7 37. Re8+ Kg7 38. Re7 Rxf3 39. Rxf7+ Kxf7 {(=)}
40. Qb1 Kf6 41. b3 Ke5 42. a3 Kd6 43. Qg6+ Kc7 44. Qc6+ Kb8 45. Qxb6+ Kc8 {(=)}
46. Qxc5+ Kb8 47. Qb5+ Kc8 48. c5 Rf7 49. c6 Kd8 50. d6 1-0

[Event "Xtracon Grand Master 2014"]
[Site "Asgaard Skole"]
[Date "2014.10.13"]
[Round "4.19"]
[White "Nielsen, Viktor Haarmark"]
[Black "Møller, Arne Vagn"]
[Result "1-0"]
[WhiteElo "2052"]
[BlackElo "1871"]
[PlyCount "57"]
[EventDate "2014.??.??"]
[WhiteTeam "Skakforeningen ØBRO"]
[BlackTeam "Amager Skakforening"]

1. e4 c5 2. Nf3 d6 3. d4 cxd4 4. Nxd4 Nf6 5. Nc3 a6 6. Be3 e6 7. Qd2 Be7 8. f3
O-O 9. O-O-O b5 10. g4 Bb7 11. Kb1 Nc6 12. g5 Nd7 13. h4 b4 14. Nce2 Nde5 15.
Nxc6 Bxc6 16. Nd4 Bb5 17. f4 Nc4 18. Bxc4 Bxc4 19. Nc6 Qc7 20. Nxe7+ Qxe7 21.
Qxb4 Rfc8 22. Qxd6 Qb7 23. Rd4 Rab8 24. Bc1 h6 25. gxh6 g6 26. Qe5 f6 27. Qxf6
Bxa2+ 28. Kxa2 Rxc2 29. Qxg6+ 1-0

[Event "Xtracon Grand Master 2014"]
[Site "Asgaard Skole"]
[Date "2014.10.13"]
[Round "4.20"]
[White "Singh, Karamtej"]
[Black "Nielsen, John Holm"]
[Result "1/2-1/2"]
[WhiteElo "1827"]
[BlackElo "2022"]
[PlyCount "75"]
[EventDate "2014.??.??"]
[WhiteTeam "Skakklubben K41"]
[BlackTeam "Enkeltmedlem 1. HK"]

1. e4 e5 2. Nf3 Nc6 3. Bb5 a6 4. Ba4 Nf6 5. O-O Be7 6. Re1 b5 7. Bb3 d6 8. c3
O-O 9. h3 Nb8 10. a4 Bb7 11. d3 Nbd7 12. Nbd2 Nc5 13. Bc2 Ne6 14. Nf1 c5 15.
Ng3 g6 16. Bh6 Re8 17. Qd2 Bf8 18. Be3 Bg7 19. Ng5 Qd7 20. Nxe6 Qxe6 21. f4
exf4 22. Bxf4 Nd7 23. Kh1 Ne5 24. Re2 Qd7 25. Nf1 d5 26. axb5 axb5 27. Rxa8
Bxa8 28. exd5 Bxd5 29. Qe1 Qf5 30. Qg3 Qd7 31. Rxe5 Rxe5 32. Bxe5 Bxe5 33. Qxe5
Qxh3+ 34. Qh2 Bxg2+ 35. Kg1 Bxf1 36. Qb8+ Kg7 37. Qe5+ Kg8 38. Qb8+ 1/2-1/2

[Event "Xtracon Grand Master 2014"]
[Site "Asgaard Skole"]
[Date "2014.10.13"]
[Round "4.21"]
[White "Jacobsen, Mikkel Manosri"]
[Black "Nielsen, Jens Holm"]
[Result "1-0"]
[WhiteElo "1944"]
[BlackElo "1811"]
[PlyCount "83"]
[EventDate "2014.??.??"]
[WhiteTeam "BMS Skak"]
[BlackTeam "Amager Skakforening"]

1. d4 Nc6 2. Nf3 d6 3. Bf4 Bg4 4. Nbd2 Nf6 5. h3 Bxf3 6. Nxf3 g6 7. e3 Bg7 8.
Bc4 O-O 9. O-O d5 10. Bb5 Nb8 11. Re1 c6 12. Bf1 Nbd7 13. c4 a6 14. b4 dxc4 15.
Bxc4 Nb6 16. Bf1 Nbd5 17. Bh2 Qb6 18. e4 Nc3 19. Qc2 Nb5 20. Rad1 Rac8 21. a4
Nc7 22. Qb1 Nce8 23. Bc4 Rd8 24. a5 Qa7 25. Qa2 Nd6 26. Bxd6 exd6 27. e5 Nd5
28. Bxd5 cxd5 29. e6 fxe6 30. Rxe6 Rf5 31. Qe2 h6 32. Rxg6 b5 33. axb6 Qxb6 34.
Qe7 Rf7 35. Qh4 Kf8 36. Re1 Qc7 37. Rxh6 Bxh6 38. Qxh6+ Kg8 39. Ng5 Qc3 40.
Qg6+ Rg7 41. Qe8+ Rxe8 42. Rxe8# 1-0

[Event "Xtracon Grand Master 2014"]
[Site "Asgaard Skole"]
[Date "2014.10.13"]
[Round "4.22"]
[White "Hein, Jacob"]
[Black "Karlsson, Ulf"]
[Result "0-1"]
[WhiteElo "1445"]
[BlackElo "2009"]
[PlyCount "94"]
[EventDate "2014.??.??"]
[WhiteTeam "Espergærde Skakklub"]

1. Nf3 c5 2. c4 e6 3. e3 Nf6 4. d3 Nc6 5. Bd2 b6 6. Be2 Bb7 7. Bc3 Qc7 8. Na3
a6 9. Rc1 Rd8 10. O-O d5 11. Qc2 d4 12. Bd2 e5 13. e4 Be7 14. Qb1 O-O 15. Nc2
Bc8 16. b4 Ne8 17. Nfe1 f5 18. f3 f4 19. Qb3 Be6 20. Qa4 Nd6 21. b5 axb5 22.
Qb3 bxc4 23. dxc4 b5 24. Na3 b4 25. Nb1 Na5 26. Qd1 Qb6 27. Bxb4 Qxb4 28. Nc2
Qa4 29. Nd2 Qe8 30. Nb3 Nxb3 31. axb3 Qg6 32. Bd3 Ra8 33. Ra1 Rxa1 34. Qxa1 h5
35. Qa7 Nc8 36. Qa2 h4 37. Rf2 h3 38. Ne1 Bd7 39. Bf1 Rf6 40. Nd3 Ra6 41. Qb1
Qh5 42. Rc2 Rg6 43. Qa2 hxg2 44. Bxg2 Bh3 45. Ne1 Bh4 46. Nd3 Qxf3 47. Nxe5
Qd1# 0-1

[Event "Xtracon Grand Master 2014"]
[Site "Asgaard Skole"]
[Date "2014.10.13"]
[Round "4.23"]
[White "Hansen, Lars-Henrik Bech"]
[Black "Nielsen, Kai Gylling"]
[Result "1-0"]
[WhiteElo "2001"]
[BlackElo "1846"]
[PlyCount "208"]
[EventDate "2014.??.??"]
[WhiteTeam "BMS Skak"]
[BlackTeam "Roskilde Skakklub"]

1. e4 e5 2. Nf3 Nc6 3. d4 exd4 4. Bc4 h6 5. O-O d6 6. Nxd4 Ne5 7. Be2 Bd7 8. f4
Nc6 9. Be3 Nf6 10. Nc3 Be7 11. Qe1 O-O 12. Qg3 Nh7 13. Nf3 f5 14. Bd3 Kh8 15.
Rad1 Nb4 16. Bd4 Nf6 17. e5 Nh5 18. Qe1 Nxd3 19. cxd3 Nxf4 20. exd6 Bxd6 21.
Ne5 Bxe5 22. Bxe5 Ng6 23. d4 Re8 24. Qg3 Nxe5 25. dxe5 c6 26. Rxf5 Qb6+ 27. Rf2
Be6 28. Kh1 Rf8 29. Rxf8+ Rxf8 30. b3 Rf5 31. Re1 Qd4 32. h3 b5 33. Qe3 Qxe3 {
(=)} 34. Rxe3 b4 35. Na4 Rf2 36. Kg1 Rxa2 37. Nc5 Bd5 38. e6 Rxg2+ 39. Kf1 Rc2
40. e7 Bf7 41. e8=Q+ Bxe8 42. Rxe8+ Kh7 43. Re5 Kg6 44. Re6+ Kf5 45. Rxc6 Rc3
46. Rc7 g5 47. Kg2 Rc2+ 48. Kf3 Rc3+ 49. Ke2 Rxh3 50. Nd3 Rh2+ 51. Ke3 Rh3+ 52.
Ke2 g4 53. Rc5+ Kf6 54. Rc4 h5 55. Rxb4 Kf5 56. Rb5+ Kf6 57. Nf2 Rh2 58. Kf1 g3
59. Ne4+ Kg6 60. Nxg3 h4 61. Ne4 Rb2 62. Nf2 Rb1+ 63. Kg2 Rb2 64. Kf3 a5 65.
Nh3 Rh2 66. Kg4 Rd2 67. Rxa5 Rd4+ 68. Nf4+ Kf7 69. Kf5 Rb4 70. Ra7+ Ke8 71. Ra3
Kd7 72. Nd3 Rd4 73. Ne5+ Kc7 74. Nf3 Rb4 75. Ng5 Kb6 76. Nh3 Kb5 77. Nf4 Rd4
78. Ke5 Rd8 79. Nd5 Rh8 80. Ra2 h3 81. Rh2 Rh5+ 82. Kd4 Rh4+ 83. Kc3 Kc5 84.
Ne3 Kb5 85. Nd1 Rh6 86. Nf2 Rc6+ 87. Kb2 Rf6 88. Nxh3 Rf3 89. Ng5 Re3 90. Ka3
Re1 91. Rh4 Re3 92. Re4 Rg3 93. Re5+ Kb6 94. Ne4 Rg1 95. Kb4 Rd1 96. Re6+ Kc7
97. Kb5 Kd7 98. Rh6 Rb1 99. b4 Rc1 100. Nc5+ Kc7 101. Rh7+ Kc8 102. Kc6 Kb8
103. b5 Rc3 104. b6 Ka8 1-0

[Event "Xtracon Grand Master 2014"]
[Site "Asgaard Skole"]
[Date "2014.10.13"]
[Round "4.24"]
[White "Andersen, Daniel"]
[Black "Nielsen, Bjørn"]
[Result "1-0"]
[WhiteElo "1957"]
[BlackElo "1398"]
[PlyCount "91"]
[EventDate "2014.??.??"]
[WhiteTeam "Frederikssund Skakklub"]
[BlackTeam "Nørrebro Skakklub"]

1. d4 Nf6 2. c4 e6 3. Nc3 g6 4. e4 d6 5. f3 Bg7 6. Be3 O-O 7. Qd2 b6 8. O-O-O
a5 9. Bh6 e5 10. Bxg7 Kxg7 11. dxe5 Ne8 12. h4 Rh8 13. h5 Nc6 14. hxg6 fxg6 15.
exd6 cxd6 16. Nb5 Ba6 17. Nxd6 Nxd6 18. Qxd6 Qxd6 19. Rxd6 Rac8 20. b3 Rhd8 21.
Rxd8 Rxd8 22. Ne2 Bb7 23. Nf4 Nd4 24. Nd5 Bxd5 25. exd5 Nf5 26. Bd3 Nd6 27. Re1
Kf7 28. Re6 Rd7 29. Kd2 Rd8 30. Kc3 Nc8 31. Kd4 Rd6 32. Rxd6 Nxd6 33. a3 Ke7
34. b4 Nb7 35. c5 bxc5+ 36. bxc5 Nd8 37. d6+ Kd7 38. Kd5 Kc8 39. c6 Nf7 40.
Ba6+ Kb8 41. c7+ Ka7 42. c8=Q Nd8 43. Qxd8 Kxa6 44. Kc6 Ka7 45. Qb6+ Ka8 46.
Qb7# 1-0

[Event "Xtracon Grand Master 2014"]
[Site "Asgaard Skole"]
[Date "2014.10.13"]
[Round "4.25"]
[White "Schmidt, Horst Hubert"]
[Black "Tolba, Henri"]
[Result "1-0"]
[WhiteElo "1764"]
[BlackElo "1698"]
[PlyCount "95"]
[EventDate "2014.??.??"]
[WhiteTeam "Brønshøj Skakforening"]
[BlackTeam "Hvidovre Skakklub"]

1. d4 f5 2. Nc3 Nf6 3. Bg5 g6 4. Bxf6 exf6 5. e3 c6 6. Bc4 d5 7. Bd3 b6 8. Nge2
Bd6 9. h4 Kf7 10. h5 Qe8 11. hxg6+ hxg6 12. Kd2 Be6 13. Rxh8 Qxh8 14. Qh1 Nd7
15. g3 Qg7 16. Qg2 Rh8 17. Rh1 Nf8 18. a3 Rxh1 19. Qxh1 Qh7 20. Qg2 Qg7 21. b4
b5 22. Nc1 g5 23. Nb3 f4 24. e4 dxe4 25. Nxe4 Be7 26. Na5 f5 27. Nc5 Qxd4 28.
Nxe6 Nxe6 29. Nxc6 Qd6 30. Qh1 Ng7 31. Nxe7 Kxe7 32. Qb7+ Kf6 33. gxf4 Qxf4+
34. Ke2 Ne6 35. Qc6 Qe5+ 36. Kd1 Qd4 37. Ke2 Qe5+ 38. Kf1 Qa1+ 39. Kg2 Qe5 40.
Bxb5 g4 41. Bc4 Qe4+ 42. Qxe4 fxe4 43. Bxe6 Kxe6 44. Kg3 Kd5 45. Kxg4 e3 46.
fxe3 Ke4 47. c4 Kxe3 48. c5 1-0